000 00761nam a2200289Ia 4500
005 20260324122409.0
008 008 260324s9999 xx 000 0 eng d
020 _a9781315588568
037 _aEBOOK
040 _aCRL
040 _beng
040 _cCRL
041 _2eng
041 _aeng
084 _qCRL
100 _aJoseph S. Jenkins
_91166288
245 0 _aInheritance Law and Political Theology in Shakespeare and Milton
245 0 _bElection and Grace as Constitutional in Early Modern Literature and Beyond
260 _bTaylor and Francis
260 _c2013
365 _a
365 _b240
856 _uhttp://www.taylorfrancis.com/books/9781315588568
942 _cEBOOK
999 _c1759002
_d1759002